00644nam a2200229 a 4500001001300000003000900013005001700022008004100039020001000080082001600090100001500106245003500121260003200156300000900188500003500197650004000232700001500272902000800287942000700295952009700302999001500399nice12345678IN_TiNIC20260116013010.0070621s1903 lona grp 000 0 eng  ac10000a221.6bROB3 aRoberson,  aOld Testament and Its Contents aLondon bNo Publisherc1903 a162p aincludes index and biblioraphy aBible O.T. Criticism & Interpretati1 aRoberson,  bSRS cBK 00104070aHMIbHMId2007-06-21g100.00l0o221.6 ROB3p12222r2007-06-21w2026-01-16yARB c9213d9213